Toutes les Techniques de Tezcat/Shuu D'Inazuma Eleven - Statistiques

Statistiques générales
  • Ce quiz a été pris 27 fois
  • Le résultat moyen est 7 sur 9
Statistiques - réponses
Réponse Type de quiz Première Utilisation % Correct
Arion Sherwind MIXIMAX GO CS
100%
Fléau Obscur, Seigneur des Ténèbres Esprit Guerrier FILM
87%
Arthur, Le Paladin Sacré Esprit Guerrier FILM
80%
Cendres Noires TIR FILM
80%
L'Aurore TIR DREAM MATCH
80%
Zéro Magnum TIR FILM
80%
Sentence Irrévocable TIR EG FILM
73%
Lame Mythique TIR EG FILM
53%
Éclair Pulvérisant TIR MANGA DREAM MATCH
40%
Aucun quiz correspondant
Distribution des résultats
% des personnes avec chaque résultat
Percentile par nombre de réponses
Votre historique - résultats
Vous n’avez pas pris ce quiz